LEADER 02709nam 2200613Ia 450 001 9910451259703321 005 20200520144314.0 010 $a1-134-33590-3 010 $a1-280-37689-9 010 $a9786610376896 010 $a0-203-39082-2 035 $a(CKB)1000000000254888 035 $a(EBL)256897 035 $a(OCoLC)252816226 035 $a(SSID)ssj0000188128 035 $a(PQKBManifestationID)11179574 035 $a(PQKBTitleCode)TC0000188128 035 $a(PQKBWorkID)10143174 035 $a(PQKB)11362377 035 $a(MiAaPQ)EBC256897 035 $a(Au-PeEL)EBL256897 035 $a(CaPaEBR)ebr10163664 035 $a(CaONFJC)MIL37689 035 $a(OCoLC)437164514 035 $a(EXLCZ)991000000000254888 100 $a20050113d2005 uy 0 101 0 $aeng 135 $aur|n|---||||| 181 $ctxt 182 $cc 183 $acr 200 14$aThe Korean language$b[electronic resource] $estructure, use and context /$fJae Jung Song 210 $aLondon $cRoutledge$d2005 215 $a1 online resource (202 p.) 300 $aDescription based upon print version of record. 311 $a0-415-54436-X 311 $a0-415-32802-0 320 $aIncludes bibliographical references and index. 327 $aBOOK COVER; HALF-TITLE; TITLE; COPYRIGHT; DEDICATION; CONTENTS; PREFACE; ABBREVIATIONS; A NOTE ON ROMANIZATION AND KOREAN PERSONAL NAMES; MAP 1; MAP 2; 1 KOREA; 2 SOUNDS AND THEIR PATTERNS; 3 WRITING SYSTEMS; 4 WORDS AND FIXEDEXPRESSIONS; 5 SENTENCES AND THEIRSTRUCTURE; 6 BEYOND SENTENCES; 7 NORTH AND SOUTH KOREA; REFERENCES AND FURTHERREADING; INDEX 330 $aSuitable for students of all levels, this book provides a general description of the Korean language by highlighting important structural aspects whilst keeping technical details to a minimum. By examining the Korean language in its geographical, historical, social and cultural context the reader is able to gain a good understanding of its speakers and the environment in which it is used. The book covers a range of topics on Korean including its genetic affiliation, historical development, sound patterns, writing systems, vocabulary, grammar and discourse.The text is designed 606 $aKorean language$xGrammar 606 $aKorean language$vTextbooks for foreign speakers$xEnglish 608 $aElectronic books. 615 0$aKorean language$xGrammar. 615 0$aKorean language$xEnglish. 676 $a495.7 700 $aSong$b Jae Jung$f1958-$0223837 801 0$bMiAaPQ 801 1$bMiAaPQ 801 2$bMiAaPQ 906 $aBOOK 912 $a9910451259703321 996 $aThe Korean language$91991489 997 $aUNINA LEADER 03525nam 22005655 450 001 9910373935703321 005 20251010075151.0 010 $a3-030-25093-8 024 7 $a10.1007/978-3-030-25093-5 035 $a(CKB)4940000000160600 035 $a(MiAaPQ)EBC6002550 035 $a(DE-He213)978-3-030-25093-5 035 $a(Au-PeEL)EBL6002550 035 $a(OCoLC)1134853092 035 $a(MiAaPQ)EBC29092678 035 $a(EXLCZ)994940000000160600 100 $a20200101d2020 u| 0 101 0 $aeng 135 $aurnn#008mamaa 181 $ctxt$2rdacontent 182 $cc$2rdamedia 183 $acr$2rdacarrier 200 10$aAdvances in Elder Abuse Research $ePractice, Legislation and Policy /$fedited by Amanda Phelan 205 $a1st ed. 2020. 210 1$aCham :$cSpringer International Publishing :$cImprint: Springer,$d2020. 215 $a1 online resource (XII, 266 p. 13 illus.) 225 1 $aInternational Perspectives on Aging,$x2197-585X ;$v24 311 08$a3-030-25092-X 320 $aIncludes bibliographical references and index. 327 $aChapter 1. Introduction (Amanda Phelan) -- Chapter 2. The intersection of ageism and elder abuse (Amanda Phelan & Liat Ayalon) -- Chapter 3. Policy and its implementation in elder abuse emphasizing new and changed legislation (Ariela Lowenstein & Israel Doran) -- Chapter 4. Person centred approaches in capacity legislation (Amanda Phelan & Patricia Rickard Clarke) -- Chapter 5. Elder Abuse Policy?Past, Present, and Future Trends (Pamela Teaster) -- Chapter 6. Sexual abuse of older people (Wenche Malmedal) -- Chapter 7. Self neglect (Mary Rose Day) -- Chapter 8. Financial abuse of older people (Amanda Phelan) -- Chapter 9. Empowering older people to financially protect themselves (Deirdre O Donnell) -- Chapter 10. Dementia and elder abuse (Claudia Cooper) -- Chapter 11. Elder abuse in the LGBT population (Gloria Gutman) -- Chapter 12. Gender issues in elder abuse (Bridget Penhale) -- Chapter 13. Resident to resident aggression (Thomas Goergen) -- Chapter 14. An ecological perspective on elder abuseinterventions (Amanda Phelan & Deirdre O Donnell) -- Chapter 15. Elder abuse forensic centres (Laura Mosqueda) -- Chapter 16. Conclusion. 330 $aThis book provides an insight into advances in elder abuse in the areas of research, policy, practice and legislation. It provides readers with a broad understanding of the topic and considers the progress in elder abuse knowledge. The book explores the nexus of ageism and elder abuse, describes key social policies and their legislative manifestation, covers major policies and programs related to elder abuse, defines elder sexual abuse and much more. It offers the reader a comprehensive insight into new perspectives and approaches to both understanding and responding to elder abuse. As such it will be an asset to academics, students, healthcare practitioners, policy makers and the general public. 410 0$aInternational Perspectives on Aging,$x2197-585X ;$v24 606 $aAging 606 $aGeriatric nursing 606 $aAgeing 606 $aGeriatric Care 615 0$aAging. 615 0$aGeriatric nursing. 615 14$aAgeing. 615 24$aGeriatric Care. 676 $a362.6 676 $a362.682 702 $aPhelan$b Amanda 801 0$bMiAaPQ 801 1$bMiAaPQ 801 2$bMiAaPQ 906 $aBOOK 912 $a9910373935703321 996 $aAdvances in elder abuse research$92126410 997 $aUNINA